Drake - $ome $exy $ongs 4 U Tracklist - Statistics

General Stats
  • This quiz has been taken 706 times
  • The average score is 12 of 21
Answer Stats
# Song % Correct
1 CN TOWER
88%
14 NOKIA
84%
2 MOTH BALLS
77%
13 MEET YOUR PADRE
70%
15 DIE TRYING
69%
10 GIMME A HUG
67%
21 GREEDY
66%
3 SOMETHING ABOUT YOU
63%
16 SOMEBODY LOVES ME
62%
6 DEEPER
59%
5 SPIDER-MAN SUPERMAN
59%
11 RAINING IN HOUSTON
57%
4 CRYING IN CHANEL
56%
9 BRIAN STEEL
53%
17 CELIBACY
51%
8 PIMMIE'S DILEMMA
50%
12 LASERS
47%
18 OMW
47%
7 SMALL TOWN FAME
47%
19 GLORIOUS
40%
20 WHEN HE'S GONE
37%
No matching quizzes found
Score Distribution
Percent of People with Each Score
Percentile by Number Answered
Your Score History
You have not taken this quiz